Texas A&M Alumni - Statistics

General Stats
  • This quiz has been taken 10 times
  • The average score is 10 of 21
Answer Stats
Hint Answer % Correct
Former quarterback who played for the Cleveland Browns and Heisman Trophy winner in 2012 Johnny Manziel
88%
Wide receiver who plays for the Tampa Bay Buccaneers Mike Evans
88%
Defensive end who plays for the Los Angeles Rams and NFL Defensive Player of the Year 2023 & 2025 Myles Garrett
88%
Linebacker who played for the Denver Broncos and Buffalo Bills Von Miller
88%
Head football coach of the Detroit Lions since 2021 Dan Campbell
75%
Small forward who plays for the Milwaukee Bucks Khris Middleton
63%
Point guard who plays for the Oklahoma City Thunder (former Lakers and Bulls player) Alex Caruso
50%
Secretary of Agriculture since 2025 Brooke Rollins
50%
Co-owner and CEO of Koch Industries Chase Koch
50%
Center who plays for the Denver Nuggets (former long-term Los Angeles Clippers player) DeAndre Jordan
50%
U.S. Ambassador for Guatemala from 1945 to 1948 and namesake of Texas A&M's football stadium Edwin Jackson Kyle
50%
Head football of the New York Jets since 2025 Aaron Glenn
38%
Head football coach of the New Orleans Saints from 2022 to 2025 Dennis Allen
38%
Former football head coach of the Houston Texans from 2006 to 2013 and Denver Broncos from 2015 to 2016 (Super Bowl champion) Gary Kubiak
38%
Senator from Texas from 2000 to 2015 Rick Perry
38%
Founder of Mitchell Energy and pioneer of fracking George P. Mitchell
25%
Secretary of Housing and Urban Development from 1993 to 1997 and mayor of San Antonio from 1981 to 1989, first Hispanic mayor of a major American city Henry Cisneros
25%
President of Bolivia from 2001 to 2002 Jorge Quiroga
25%
President of Panama from 2004 to 2009 Martín Torrijos
25%
Former defensive end who played most notably for the Seattle Seahawks Michael Bennett
25%
Actor, "Cross Creek" "Men in Black" "Marie Antoinette" Rip Torn
25%
No matching quizzes found
Score Distribution
Percent of People with Each Score
Percentile by Number Answered
Your Score History
You have not taken this quiz